| 000 | 00445nam a22001817a 4500 | ||
|---|---|---|---|
| 003 | CEME | ||
| 005 | 20210628202427.0 | ||
| 008 | 210122b xxu||||| |||| 00| 0 eng d | ||
| 020 | _a81-86830-94-4 | ||
| 040 | _c. | ||
| 082 | _a808.879 WIL | ||
| 100 |
_aWilson, Neil _959859 |
||
| 245 | _aDictonary of proverbs | ||
| 260 |
_aNEW DELHI _bPENTAGON PRESS _c2004 |
||
| 300 | _a240 P | ||
| 650 |
_aDICTONARY OF PROVERBS _959860 |
||
| 942 |
_cBK _2ddc |
||
| 999 |
_c569741 _d569741 |
||